000 00486cam a2200181 a 4500
020 _a059074240X
040 _cDLC
082 0 0 _a580 MAU 2021 A006 Or.
100 1 _aScherer, Jeffrey.
245 1 0 _aOne snowy day /
260 _aNew York :
_bScholastic Inc.,
_cc1996.
300 _a1 v. (unpaged) :
_bcol. ill. ;
_c23 cm.
500 _a"Cartwheel books."
520 _aA group of animals get together to build a snowman.
650 1 _aAnimals
650 1 _aSnowmen
942 _cAEDBB
999 _c20770
_d20770